[Event "Montreal op"]
[Site "Montreal"]
[Date "2000.??.??"]
[Round "2"]
[White "Latendresse, Simon"]
[Black "Trottier, Yves"]
[Result "1/2-1/2"]
[WhiteElo "2018"]
[BlackElo "1935"]
[PlyCount "83"]
[EventDate "2000.??.??"]
[EventType "swiss"]
[EventRounds "5"]
[EventCountry "CAN"]
[SourceTitle "EXT 2003"]
[Source "ChessBase"]
[SourceDate "2002.11.25"]
[SourceVersion "1"]
[SourceVersionDate "2002.11.25"]
[SourceQuality "1"]

1. e4 e5 2. Nf3 Nf6 3. d3 Nc6 4. g3 d5 5. Nbd2 Bg4 6. Bg2 Qd7 7. h3 Bh5 8. exd5 Qxd5 9. 0-0 0-0-0 10. Ng5 Bxd1 11. Bxd5 Rxd5 12. Rxd1 Rd7 13. Nc4 Bc5 14. Be3 Bxe3 15. fxe3 h6 16. Nf3 e4 17. Nfe5 Nxe5 18. Nxe5 Re7 19. d4 Nd7 20. Nxd7 Rxd7 21. Rf1 Rf8 22. g4 f6 23. Rf4 Re8 24. c4 Rd6 25. Rd1 Ra6 26. a3 Rb6 27. b4 Ra6 28. Ra1 Ra4 29. Rf5 Re6 30. Kf2 a5 31. Rxa5 Rxa5 32. bxa5 Ra6 33. Rb1 Rxa5 34. Rb3 Ra4 35. c5 Rc4 36. Kg3 g5 37. Kf2 Rc2+ 38. Kg3 Rd2 39. Rc3 c6 40. h4 Kc7 41. hxg5 hxg5 42. Rb3 1/2-1/2

[Event "Montreal Pere Noel op"]
[Site "Montreal"]
[Date "1997.12.26"]
[Round "1"]
[White "Hebert, Jean"]
[Black "Latendresse, Simon"]
[Result "1-0"]
[WhiteElo "2465"]
[BlackElo "2065"]
[PlyCount "53"]
[EventDate "1997.??.??"]
[EventType "swiss"]
[EventRounds "5"]
[EventCountry "CAN"]
[SourceTitle "EXT 2002"]
[Source "ChessBase"]
[SourceDate "2001.11.25"]
[SourceVersion "1"]
[SourceVersionDate "2001.11.25"]
[SourceQuality "1"]

1. c4 Nf6 2. Nc3 g6 3. e4 d6 4. d4 Bg7 5. Be2 0-0 6. f4 c5 7. d5 b5 8. cxb5 a6 9. bxa6 Bxa6 10. Nf3 Qb6 11. 0-0 Ng4 12. Bxa6 c4+ 13. Kh1 Nxa6 14. Qe2 Nc5 15. Nd2 Nd3 16. Qxg4 Nxb2 17. e5 Nd3 18. Nde4 dxe5 19. f5 gxf5 20. Rxf5 Kh8 21. Rb1 Qg6 22. Qf3 f6 23. Bd2 Bh6 24. Bxh6 Qxh6 25. d6 exd6 26. Nxd6 Nf4 27. Qxa8 1-0

[Event "Montreal Specialiste op"]
[Site "Montreal"]
[Date "1997.02.22"]
[Round "2"]
[White "Latendresse, Simon"]
[Black "Lacroix, Serge"]
[Result "1-0"]
[WhiteElo "1787"]
[BlackElo "1891"]
[PlyCount "88"]
[EventDate "1997.02.21"]
[EventType "swiss"]
[EventRounds "5"]
[EventCountry "CAN"]
[SourceTitle "EXT 2022"]
[Source "ChessBase"]
[SourceDate "2021.10.06"]
[SourceVersion "1"]
[SourceVersionDate "2021.10.06"]
[SourceQuality "1"]

1. d4 Nf6 2. Nf3 e6 3. c4 Bb4+ 4. Bd2 Qe7 5. Qc2 Nc6 6. e3 d5 7. cxd5 Bxd2+ 8. Nbxd2 Nb4 9. Qb3 Nbxd5 10. Rc1 c6 11. a3 0-0 12. Bd3 Nd7 13. Nc4 c5 14. 0-0 cxd4 15. exd4 b6 16. Rfe1 Ba6 17. Bb1 N7f6 18. Nfe5 Rac8 19. Nd2 Nf4 20. Nd3 Rxc1 21. Nxc1 Rc8 22. Nd3 N6d5 23. Nxf4 Nxf4 24. Qf3 Ne2+ 25. Kh1 Nxd4 26. Qe4 Nf5 27. Qa4 Bb7 28. Bxf5 exf5 29. Qd1 Qd7 30. Qe2 g6 31. Nf3 Bxf3 32. Qxf3 Qd2 33. Rf1 Rc1 34. Kg1 Rxf1+ 35. Kxf1 Qc1+ 36. Ke2 Qxb2+ 37. Kd1 Qd4+ 38. Kc1 Qe4 39. Qg3 f4 40. Qg5 Qe1+ 41. Kc2 Qxf2+ 42. Kb3 Qe3+ 43. Ka2 Kg7 44. h4 f6 1-0

[Event "Montreal-ch"]
[Site "Montreal"]
[Date "1997.??.??"]
[Round "1"]
[White "Latendresse, Simon"]
[Black "Linskiy, Oleg M"]
[Result "0-1"]
[WhiteElo "2065"]
[BlackElo "2310"]
[PlyCount "42"]
[EventDate "1997.??.??"]
[EventType "swiss"]
[EventRounds "5"]
[EventCountry "CAN"]
[SourceTitle "EXT 2001"]
[Source "ChessBase"]
[SourceDate "2000.11.22"]
[SourceVersion "1"]
[SourceVersionDate "2000.11.22"]
[SourceQuality "1"]

1. d4 Nf6 2. Nf3 c5 3. e3 e6 4. Bd3 b6 5. Qe2 Bb7 6. Nbd2 Be7 7. c3 Nc6 8. 0-0 0-0 9. Re1 Qc7 10. e4 cxd4 11. e5 Nd5 12. Qe4 g6 13. Nxd4 f5 14. exf6 Nxf6 15. Qe2 Nxd4 16. cxd4 Qd6 17. Qe5 Ng4 18. Qxd6 Bxd6 19. f3 Bxh2+ 20. Kh1 Bg3 21. Re2 Nf2+ 0-1

[Event "Montreal op"]
[Site "Montreal"]
[Date "1995.09.02"]
[Round "2"]
[White "Lacroix, Serge"]
[Black "Latendresse, Simon"]
[Result "0-1"]
[WhiteElo "1946"]
[BlackElo "2048"]
[PlyCount "128"]
[EventDate "1995.09.02"]
[EventType "swiss"]
[EventRounds "5"]
[EventCountry "CAN"]
[SourceTitle "EXT 2022"]
[Source "ChessBase"]
[SourceDate "2021.10.06"]
[SourceVersion "1"]
[SourceVersionDate "2021.10.06"]
[SourceQuality "1"]

1. e4 c6 2. d4 d5 3. Nc3 dxe4 4. Nxe4 Nd7 5. Nf3 Ngf6 6. Nxf6+ Nxf6 7. Bd3 Bg4 8. c3 e6 9. Bf4 Bd6 10. Bg3 0-0 11. Qe2 a5 12. h3 Bxf3 13. Qxf3 Bxg3 14. Qxg3 a4 15. 0-0 Ra5 16. b4 axb3 17. axb3 Qa8 18. Rae1 Rd8 19. f4 Qb8 20. Re5 Rad5 21. Bc4 Rxe5 22. fxe5 Nd5 23. Bd3 f5 24. Bc2 b5 25. b4 Qa8 26. Bb3 Qa3 27. Qg5 Rd7 28. Bxd5 cxd5 29. Rf3 Qa1+ 30. Kh2 Qe1 31. h4 h6 32. Qh5 Rf7 33. Rg3 Kf8 34. Qf3 Qe4 35. Qf1 f4 36. Rf3 g5 37. Kh3 Qf5+ 38. g4 Qe4 39. Kg2 Ra7 40. Qf2 Ra1 41. hxg5 hxg5 42. Kh2 Qh7+ 43. Rh3 Rh1+ 44. Kxh1 Qxh3+ 45. Qh2 Qf3+ 46. Qg2 Qxc3 47. Qf1 Qxb4 48. Qc1 Qc4 49. Qa3+ b4 50. Qa8+ Kf7 51. Qb7+ Kg6 52. Qe7 Qf1+ 53. Kh2 Qe2+ 54. Kg1 Qxg4+ 55. Kf1 Qf3+ 56. Ke1 Qe3+ 57. Kf1 Qh3+ 58. Ke1 b3 59. Qf6+ Kh5 60. Qf7+ Kh4 61. Qh7+ Kg4 62. Qg6 Qe3+ 63. Kf1 Qc1+ 64. Kf2 Qc2+ 0-1

[Event "Quebec-ch"]
[Site "Montreal"]
[Date "1995.??.??"]
[Round "1"]
[White "Lesiege, Alexandre"]
[Black "Latendresse, Simon"]
[Result "1-0"]
[WhiteElo "2535"]
[BlackElo "2065"]
[PlyCount "63"]
[EventDate "1995.??.??"]
[EventType "tourn"]
[EventRounds "9"]
[EventCountry "CAN"]
[EventCategory "4"]
[SourceTitle "EXT 2002"]
[Source "ChessBase"]
[SourceDate "2001.11.25"]
[SourceVersion "1"]
[SourceVersionDate "2001.11.25"]
[SourceQuality "1"]

1. d4 Nf6 2. Nf3 g6 3. Bg5 Bg7 4. Nbd2 d5 5. e3 0-0 6. Bd3 Nbd7 7. 0-0 b6 8. a4 a5 9. e4 dxe4 10. Nxe4 Bb7 11. Re1 c6 12. c3 Qc7 13. Bh4 Nxe4 14. Bxe4 e6 15. Qb3 Nf6 16. Bg3 Qd8 17. Nd2 Bh6 18. Rad1 Bxd2 19. Rxd2 Nxe4 20. Rxe4 Qd5 21. Qxd5 cxd5 22. Rh4 Rac8 23. Bd6 Rfe8 24. Rd3 Kg7 25. Be5+ f6 26. Bxf6+ Kxf6 27. Rxh7 Ba6 28. Rf3+ Kg5 29. h4+ Kg4 30. Rg3+ Kf4 31. Rf7+ Ke4 32. Re3# 1-0

[Event "Quebec-ch"]
[Site "Montreal"]
[Date "1995.??.??"]
[Round "4"]
[White "Leveille, Francois"]
[Black "Latendresse, Simon"]
[Result "1-0"]
[WhiteElo "2295"]
[BlackElo "2065"]
[PlyCount "53"]
[EventDate "1995.??.??"]
[EventType "tourn"]
[EventRounds "9"]
[EventCountry "CAN"]
[EventCategory "4"]
[SourceTitle "EXT 2002"]
[Source "ChessBase"]
[SourceDate "2001.11.25"]
[SourceVersion "1"]
[SourceVersionDate "2001.11.25"]
[SourceQuality "1"]

1. e4 c6 2. d4 d5 3. exd5 cxd5 4. c4 Nf6 5. Nc3 Nc6 6. Nf3 Bg4 7. cxd5 Nxd5 8. Qb3 Bxf3 9. gxf3 e6 10. Qxb7 Nxd4 11. Bb5+ Nxb5 12. Qc6+ Ke7 13. Qxb5 Qd7 14. Nxd5+ exd5 15. Qe2+ Qe6 16. Be3 Rc8 17. Bxa7 Qxe2+ 18. Kxe2 Rc2+ 19. Kd3 Rxb2 20. Bd4 Rb7 21. Rhb1 Rc7 22. Rb8 Kd7 23. Re1 Rc8 24. Rxc8 Kxc8 25. Re8+ Kd7 26. Ra8 Kc6 27. Bb2 1-0

[Event "Quebec-ch"]
[Site "Montreal"]
[Date "1995.??.??"]
[Round "8"]
[White "Levtchouk, George"]
[Black "Latendresse, Simon"]
[Result "1-0"]
[WhiteElo "2330"]
[BlackElo "2065"]
[PlyCount "75"]
[EventDate "1995.??.??"]
[EventType "tourn"]
[EventRounds "9"]
[EventCountry "CAN"]
[EventCategory "4"]
[SourceTitle "EXT 2002"]
[Source "ChessBase"]
[SourceDate "2001.11.25"]
[SourceVersion "1"]
[SourceVersionDate "2001.11.25"]
[SourceQuality "1"]

1. d4 d5 2. c4 c6 3. Nc3 Nf6 4. Nf3 dxc4 5. a4 Bg4 6. Ne5 Bh5 7. h3 Bg6 8. e3 Nbd7 9. Nxg6 hxg6 10. Bxc4 e6 11. 0-0 Qa5 12. f4 b5 13. Be2 b4 14. Nb1 c5 15. Nd2 Be7 16. Nb3 Qb6 17. a5 Qc7 18. Bf3 Rd8 19. dxc5 Nxc5 20. Qc2 0-0 21. Bd2 Qd7 22. Nd4 b3 23. Qb1 Rc8 24. Rd1 Qc7 25. Rc1 Qd7 26. Rc4 g5 27. fxg5 Ne8 28. h4 Nd6 29. Rb4 e5 30. Nxb3 Nxb3 31. Rxb3 Nf5 32. Be1 Bc5 33. Bf2 g6 34. Qe4 Qe7 35. Rd1 Rfd8 36. Rxd8+ Rxd8 37. Rb7 Qd6 38. b4 1-0

[Event "Quebec-ch U20"]
[Site "Montreal"]
[Date "1994.02.27"]
[Round "7"]
[White "Latendresse, Simon"]
[Black "Moisan Plante, Marc Olivier"]
[Result "0-1"]
[WhiteElo "1831"]
[BlackElo "2131"]
[PlyCount "104"]
[EventDate "1994.02.24"]
[EventType "tourn"]
[EventRounds "7"]
[EventCountry "CAN"]
[SourceTitle "EXT 2022"]
[Source "ChessBase"]
[SourceDate "2021.10.06"]
[SourceVersion "1"]
[SourceVersionDate "2021.10.06"]
[SourceQuality "1"]

1. e4 d6 2. d4 Nf6 3. Bd3 e5 4. c3 d5 5. dxe5 dxe4 6. Bb5+ Bd7 7. Bxd7+ Nfxd7 8. Bf4 Nc6 9. e6 fxe6 10. Nh3 e5 11. Be3 Bc5 12. 0-0 Bxe3 13. fxe3 Qh4 14. b4 0-0-0 15. Qc2 Nf6 16. Nd2 Rd3 17. Nf2 Ng4 18. Nxg4 Qxg4 19. Rae1 Ne7 20. c4 Rhd8 21. Nb3 Nf5 22. Qf2 g6 23. h3 Qg5 24. Nc5 Rd2 25. Nxe4 Rxf2 26. Nxg5 Rxa2 27. Rf2 Rxf2 28. Kxf2 Rd2+ 29. Re2 Rxe2+ 30. Kxe2 h5 31. Nf7 e4 32. Ng5 Ng3+ 33. Kd2 Kd7 34. Kc3 Kd6 35. Kd4 a6 36. Nf7+ Ke7 37. Ne5 g5 38. c5 Ke6 39. Nc4 h4 40. Na5 b6 41. cxb6 cxb6 42. Nc4 Nf5+ 43. Kxe4 Nd6+ 44. Nxd6 Kxd6 45. Kf5 a5 46. bxa5 bxa5 47. Kxg5 Ke5 48. Kxh4 a4 49. Kg5 a3 50. h4 a2 51. h5 a1Q 52. g4 Qa6 0-1

[Event "Quebec-ch U20"]
[Site "Montreal"]
[Date "1994.02.26"]
[Round "5"]
[White "Castillo, Anthony"]
[Black "Latendresse, Simon"]
[Result "1-0"]
[WhiteElo "1912"]
[BlackElo "1831"]
[PlyCount "81"]
[EventDate "1994.02.24"]
[EventType "tourn"]
[EventRounds "7"]
[EventCountry "CAN"]
[SourceTitle "EXT 2022"]
[Source "ChessBase"]
[SourceDate "2021.10.06"]
[SourceVersion "1"]
[SourceVersionDate "2021.10.06"]
[SourceQuality "1"]

1. d4 Nf6 2. c4 g6 3. Nc3 Bg7 4. e4 d6 5. Be2 0-0 6. Bg5 Nbd7 7. Qd2 e5 8. d5 a5 9. f3 Nc5 10. g4 c6 11. h4 cxd5 12. cxd5 b5 13. Bxb5 Ba6 14. Nge2 Qb6 15. Bxa6 Qxa6 16. Kf2 Rab8 17. Kg2 Rb7 18. Rab1 Rfb8 19. Rhd1 a4 20. Qc2 Nfd7 21. Nc1 Rb4 22. Be3 Qb7 23. Rd2 Qa6 24. Rf2 Qc4 25. Nd1 Qa6 26. Qe2 Qxe2 27. Rxe2 Kf8 28. Rc2 Ke7 29. Nf2 f5 30. Ncd3 Nxd3 31. Nxd3 R4b7 32. Rc4 f4 33. Bf2 Ra8 34. Rbc1 Kd8 35. R1c3 Bf8 36. Ra3 Nc5 37. Nxc5 dxc5 38. b3 Rb4 39. Rc3 Bd6 40. Bxc5 Bxc5 41. Rxc5 1-0

[Event "Quebec op U1900"]
[Site "Montreal"]
[Date "1993.08.06"]
[Round "7"]
[White "Latendresse, Simon"]
[Black "Morin, Louis"]
[Result "1-0"]
[WhiteElo "1680"]
[BlackElo "1898"]
[PlyCount "101"]
[EventDate "1993.07.31"]
[EventType "swiss"]
[EventRounds "8"]
[EventCountry "CAN"]
[SourceTitle "EXT 2022"]
[Source "ChessBase"]
[SourceDate "2021.10.06"]
[SourceVersion "1"]
[SourceVersionDate "2021.10.06"]
[SourceQuality "1"]

1. e4 d5 2. exd5 Qxd5 3. Nc3 Qa5 4. d4 e5 5. Nf3 Bg4 6. dxe5 Bb4 7. Bd2 Nc6 8. a3 Bxf3 9. Qxf3 0-0-0 10. Qe3 Nxe5 11. Be2 Nf6 12. 0-0 Bd6 13. Nb5 Qb6 14. Nxa7+ Kb8 15. Qxb6 cxb6 16. Nb5 Ne4 17. Bf4 Ng6 18. Bxd6+ Nxd6 19. Nxd6 Rxd6 20. Rad1 Rhd8 21. Rxd6 Rxd6 22. Rd1 Rc6 23. Rd2 Ne5 24. b3 Rc5 25. a4 Nc6 26. f4 Na7 27. Bc4 Rf5 28. g3 Kc7 29. Kf2 b5 30. axb5 Nxb5 31. Rd5 Rxd5 32. Bxd5 f6 33. Ke3 b6 34. h4 Kd6 35. Bc4 Na7 36. g4 Kc5 37. g5 fxg5 38. hxg5 Nc6 39. f5 Ne5 40. Bg8 h6 41. gxh6 Ng4+ 42. Kf4 Nxh6 43. Be6 Kd4 44. Kg5 Ke5 45. c4 Kd6 46. b4 Ke5 47. Kg6 Kd4 48. f6 gxf6 49. Kxh6 f5 50. Kg5 Kc3 51. b5 1-0

[Event "Quebec-ch Intercoll"]
[Site "Joliette"]
[Date "1993.04.10"]
[Round "4"]
[White "Laflamme, Simon"]
[Black "Latendresse, Simon"]
[Result "1-0"]
[WhiteElo "1701"]
[BlackElo "1619"]
[PlyCount "61"]
[EventDate "1993.04.09"]
[EventType "swiss"]
[EventRounds "6"]
[EventCountry "CAN"]
[SourceTitle "EXT 2022"]
[Source "ChessBase"]
[SourceDate "2021.10.06"]
[SourceVersion "1"]
[SourceVersionDate "2021.10.06"]
[SourceQuality "1"]

1. e4 c6 2. d4 d5 3. exd5 cxd5 4. Bd3 Nc6 5. c3 Nf6 6. Bf4 e6 7. Nf3 Bd6 8. Bxd6 Qxd6 9. Qe2 0-0 10. 0-0 a6 11. a4 Bd7 12. Nbd2 Ne7 13. Ne5 Ng6 14. Ndf3 Nf4 15. Qc2 Nxd3 16. Qxd3 b5 17. Nxd7 Qxd7 18. Ne5 Qb7 19. axb5 axb5 20. f3 Nd7 21. f4 Rfc8 22. Ng4 Rxa1 23. Rxa1 b4 24. f5 exf5 25. Qxf5 bxc3 26. bxc3 Rxc3 27. Qg5 Rc8 28. Nh6+ Kf8 29. Nf5 g6 30. Qh6+ Ke8 31. Nd6+ 1-0